000 00728nam a22002537a 4500
003 OSt
005 20220924113650.0
006 a|||||r|||| 00| 0
007 ta
008 220923b |||||||| |||| 00| 0 eng d
024 _a230390
037 _cGeneral Books
040 _aARTS
_cARTS
_beng
041 _2eng
_aeng
082 _aa12-328, M3.2
100 _aKhan Shaukat Ali Ed.
_9170342
245 0 _aCatalogue of the Arabic manuscripts
260 _aRajasthan
_bArabic and Persian research inst.
_c1983
300 _ap.
490 _aArabic and Persian research inst.; 9
650 _aBIBLIOGRAPHY
942 _ha12-328, M3.2
_cGB
_2CC
999 _c390381
_d390381